02230naa a2200181 a 450000100080000000500110000800800410001910000190006024501760007926000090025530000110026452015660027565300110184165300210185270000160187370000190188977301400190810554372007-09-27 1989 bl --- 0-- u #d1 aDALAGNOL, C.A. aAvaliacao de bovinos Crioulo Lageano, Nelora e Charales e de seus cruzamentos em pastagens naturais no Planalto Sul-Brasileiro - "Avaliacao sobre endo e hectoparasitoses". c1989 ap. 25. aObjetivando avaliar o grau de infeccao dos terneiros de raca Crioulo Lageano, Nelore e Charoles por endo e hectoparasitoses nas diferentes estacoes do ano iniciou-se experimento em terneiros a partir do desmame, 7 meses, ate 19 meses de idade, 5 animais de cada raca sao mantidos no mesmo potreiro sem controle para endo ectoparasitoses. A cada 45 dias faz-se contagem de carrapato (partenogina e teleogina) e de nodulos de berne de um lado do corpo do animal, coleta de feses para exames coprologicos, esfregacos de sangue periferico para verificar a presenca de Babesia e Anaplasma, sangue para hematocrito e soro para verificar presenca de anticorpos contra Babesia bovis, B. bigemina e Anaplasma marginale. Sao necropsiados em cada estacao 1 animal de cada raca e recuperados os helmintos gastrointestinais e pulmonares e formas imaturas. Os dados parciais medios sao: Crioulo - Haemonchus: 767, Ostertagia: 15 02, Trichostrongylus: 1611; Coopria: 6604, Oesophagostomun: 136, Imaturas: 641, Total: 11262; Charoles - Haemonchus 1345, Ostertagia: 1848, Trichostrongylus: 4073, Cooperia: 2734, Oesophagostomun: 142, Imaturas: 717, Total: 10861; Nelore - Haemonchus: 1390, Ostertagia: 5172, Trichostrongylus: 4658, Cooperia: 14606, Oesophagostomum: 111150, Imaturas: 766< Total: 26744. As contagens de carrapato e berne iniciaram em 12/08/87 e apos a cada 45 dias fornecendo as seguintes quantidades: Crioulo: x=32,7 (2-10000007), Charoles: x=128 <1-150>, Nelore: x=3,7 (1-11), Berne - crioulo: x=6,6 (0-14), Charoles: x=7,2 (0-31), Nelore: x=0,8 (0-5). aBovino aPastagem natural1 aRAMOS, C.I.1 aCOSTA, F.S.da. tIn: SEMINARIO BRASILEIRO DE PARASITOLOGIA VETERINARIA, 6., 1989, Bage, RS. Anais.. Bage, RS: Colegio Brasileiro de Parasitologia, 1989.